Reparación y acondicionamiento de la "Escuela San José de Cenoví". Distrito Educativo 07-07, Villa Tapia, Salcedo (Record no. 8027)
[ view plain ]
| 000 -LEADER | |
|---|---|
| campo de control de longitud fija | 00520nam a2200133Ia 4500 |
| 001 - NÚMERO DE CONTROL | |
| campo de control | 3222 |
| 008 - DATOS DE LONGITUD FIJA--INFORMACIÓN GENERAL | |
| campo de control de longitud fija | 241024s9999 xx 000 0 und d |
| 082 ## - NÚMERO DE LA CLASIFICACIÓN DECIMAL DEWEY | |
| Número de clasificación | RD/624.7/R426r/2010 |
| 100 ## - ENTRADA PRINCIPAL--NOMBRE DE PERSONA | |
| Nombre de persona | República Dominicana. Secretaría de Estado de Educación. Dirección General de Mantenimiento de infraestructura escolar |
| 245 #0 - MENCIÓN DEL TÍTULO | |
| Título | Reparación y acondicionamiento de la "Escuela San José de Cenoví". Distrito Educativo 07-07, Villa Tapia, Salcedo |
| 260 ## - PUBLICACIÓN, DISTRIBUCIÓN, ETC. | |
| Nombre del editor, distribuidor, etc. | Salcedo |
| Fecha de publicación, distribución, etc. | 2010 |
| 901 ## - ELEMENTOS DE DATOS A LOCAL LDA (RLIN) | |
| a | 5/9/2013 2:50:45 p.m. |
No items available.